|
|
|
|
| LEADER |
01166nam a2200301 a 4500 |
| 001 |
12728131 |
| 008 |
091109r2003 mauab 000 0 eng d |
| 010 |
|
|
|a 2002066495
|
| 020 |
|
|
|a 817808791x
|
| 020 |
|
|
|a 0201770512 (US)
|
| 020 |
|
|
|a 0273655493 (UK)
|
| 040 |
|
|
|a DLC
|c DLC
|d DLC
|
| 082 |
0 |
0 |
|a 338.9/009172/4
|2 21
|
| 100 |
1 |
|
|a Todaro, Michael P.
|
| 245 |
1 |
0 |
|a Economic development /
|c Michael P. Todaro, Stephen C. Smith.
|
| 250 |
|
|
|a 8th ed.
|
| 260 |
|
|
|a Boston ;
|a New Delhi :
|b Pearson Educaton Asia,
|c c2003.[reprinted]
|
| 300 |
|
|
|a xxvii, 829 p. :
|b ill., maps ;
|c 24 cm.
|
| 490 |
0 |
|
|a The Addison-Wesley series in economics
|
| 504 |
|
|
|a Includes bibliographical references and indexes.
|
| 541 |
1 |
|
|e 00008917
|
| 650 |
|
0 |
|a Economic development.
|
| 651 |
|
0 |
|a Developing countries
|x Economic policy.
|
| 700 |
1 |
|
|a Smith, Stephen C.,
|d 1955-
|
| 852 |
4 |
|
|a Ayesha Abed Library
|j General Shelf.
|
| 942 |
0 |
0 |
|0 1
|
| 999 |
|
|
|c 5288
|d 5288
|
| 952 |
|
|
|0 0
|1 0
|2 ddc
|4 0
|6 338_900917240000000_TOD_2003
|7 0
|9 5137
|a BRACUL
|b BRACUL
|c GEN
|d 2009-11-09
|g 0.00
|l 11
|m 50
|o 338.90091724 TOD
|p 3010008917
|r 2019-05-12
|s 2019-01-20
|t 1
|w 2009-11-09
|y BK
|x No price found in the accession register.
|